000 00563nam a2200229Ia 4500
003 0100
008 130227s9999 xx 000 0 und d
040 _cARRUPELIB
050 _aBX2205.R775 2007
100 _aRonzani, Rinaldo
245 _aChristian initiation
245 _bbaptism and confirmation
260 _aNairobi
260 _bPaulines Publications Africa
260 _C2007
300 _a191p.
300 _b 22cm.
440 _aTheology series
650 _bFaith and reason
650 _cCatholic Church - Doctrines
942 _2lcc
_01
999 _c5833
_d5833